[Event "Valle Region-ch U18"]
[Site "Ansermanuevo"]
[Date "2012.03.23"]
[Round "6.7"]
[White "Lozano Betancurt, Juan Sebastian"]
[Black "Ramirez, Carlos Andres"]
[Result "1-0"]
[WhiteElo "1371"]
[BlackElo "1527"]
[PlyCount "89"]
[EventDate "2012.03.23"]
[EventType "swiss"]
[EventRounds "7"]
[EventCountry "COL"]
[SourceTitle "EXT 2024"]
[Source "ChessBase"]
[SourceDate "2023.10.10"]
[SourceVersion "1"]
[SourceVersionDate "2023.10.10"]
[SourceQuality "1"]

1. c4 Nf6 2. d4 d5 3. cxd5 Qxd5 4. e3 e6 5. Nc3 Bb4 6. Bd2 Bxc3 7. Bxc3 0-0 8. Nf3 Nc6 9. Be2 Ne7 10. 0-0 Ng6 11. Bd3 Ne4 12. Qc2 f5 13. Bxe4 Qxe4 14. Qxe4 fxe4 15. Ng5 Re8 16. Nxe4 e5 17. dxe5 Nxe5 18. Bxe5 Rxe5 19. Ng3 c5 20. Rac1 Be6 21. a3 b5 22. Rcd1 c4 23. Ne2 Bg4 24. f3 Be6 25. e4 a5 26. Rd6 b4 27. Nd4 Bf7 28. Rc1 Rc5 29. axb4 axb4 30. Rc6 Re5 31. Rb6 b3 32. Nf5 Rc5 33. Nd6 Be6 34. f4 Rf8 35. f5 Bf7 36. Nxf7 Kxf7 37. Rb4 Ra8 38. Rcxc4 Rxc4 39. Rxc4 Ra2 40. e5 Rxb2 41. Rc7+ Kf8 42. g4 Rb1+ 43. Kf2 b2 44. e6 g6 45. f6 1-0

[Event "Buga School A"]
[Site "Buga"]
[Date "2010.07.23"]
[Round "1.4"]
[White "Lozano Betancurt, Juan Sebastian"]
[Black "Salazar, Jose Alejandro"]
[Result "0-1"]
[WhiteElo "1400"]
[BlackElo "1631"]
[PlyCount "106"]
[EventDate "2010.07.23"]
[EventType "swiss (rapid)"]
[EventRounds "5"]
[EventCountry "COL"]
[SourceTitle "EXT 2024"]
[Source "ChessBase"]
[SourceDate "2023.10.10"]
[SourceVersion "1"]
[SourceVersionDate "2023.10.10"]
[SourceQuality "1"]

1. d4 b6 2. Nf3 e6 3. g3 Bb7 4. Bg2 d6 5. Be3 Nc6 6. Nc3 Nf6 7. a3 Qd7 8. Qd2 0-0-0 9. b4 d5 10. Bg5 Be7 11. Ne5 Nxe5 12. dxe5 Ne4 13. Bxe4 dxe4 14. Qxd7+ Rxd7 15. Bxe7 Rxe7 16. 0-0 Rd8 17. Rfd1 Red7 18. Rxd7 Rxd7 19. Rd1 Bd5 20. e3 f5 21. Ne2 g5 22. Nc3 h5 23. Nxd5 Rxd5 24. Rd4 Rxe5 25. Kg2 c5 26. bxc5 Rxc5 27. Rd6 Re5 28. Kh3 Kc7 29. Rd2 Ra5 30. Kg2 Rxa3 31. h4 g4 32. Rd1 Ra2 33. Rc1 Ra4 34. Kf1 b5 35. Ke1 b4 36. Kd2 Kb8 37. Rb1 a5 38. c3 Ka7 39. cxb4 axb4 40. Kc2 Kb6 41. Kb3 Kb5 42. Rc1 Ra3+ 43. Kb2 Ka4 44. Rc4 Rd3 45. Rc6 Rd2+ 46. Kc1 Rxf2 47. Rxe6 b3 48. Rh6 Ka3 49. Ra6+ Kb4 50. Rh6 Kc3 51. Rc6+ Kd3 52. Rb6 b2+ 53. Rxb2 Rf1# 0-1